1116 1317 1908 1043 1172 1306 1857 1189 1406 1550 1491 1661 1303 1453 1310 1727 1340 1558 1507 1620 1299 1793 1487 1186 1620 1457 1273 1474 1064 1183 1982 1802 1954 1571 1962 1141 1116 1417 1916 1496 1340 1646 1071 1189 1047 1511 1282 1351 1673 1697 1112 1896 1772 1832 1916 1221 1280 1869 1988 1488 1430 1063 1312 1948 1337 1619 1483 1678 1827 1941 1837 1998 1029 1468 1924 1051 1956 1065 1531 1252 1658 1316 1386 1395 1503 1955 1498 1456 1818 1544 1881 1095 1711 1103 1175 1108 1226 1975 1419 BCNSPRNW ULIB Ver.6.0+V

เปลี่ยนเป็นภาษาไทย

Change to English
 แสดงรายละเอียดบรรณานุกรม
  กลับหน้าหลัก

Brief Record : Get Marc (ISO 2709) : E-mail record : QR code < ปิดหน้าต่าง
LEADER : 00000nam 2200000uu 4500
001    13399109227
003     ULIB
008    110324s2544||||th 000 0 tha d
020    9742942641
060 04 WA540JT3^bค75ก 2544
245 00 เครื่องชี้วัดการประเมินผลการพัฒนาสุขภาพในส่วนของกระทรวงสาธารณสุข :^bตามแผนพัฒนาสุขภาพแห่งชาติในช่วงแผนพัฒนาเศรฐกิจและสังคมแห่งชาติ ฉบับที่ 9 (พ.ศ. 2545-2549) /^cสำนักนโยบายและแผนสาธารณสุข กระทรวงสาธารณสุข
260    กรุงเทพฯ :^bโรงพิมพ์สามเจริญพาณิชย์(กรุงเทพจำกัด),^c2544
300    (4) 125 หน้า ;^c30 ซม.
650  2 Health Status Indicators
650  7 แผนพัฒนาการสาธารณสุข^xเครื่องชี้วัด
650  7 เครื่องชี้วัดสุขภาพ
650  7 เครื่องชี้วัดสาธารณสุข
710 2  กระทรวงสาธารณสุข.^bสำนักนโยบายและแผนสาธารณสุข
945    ^p0^l0^i014246
945    ^p0^l0^i014247
995    ทศพร
999 ^a ใช้งานได้ทุกระบบ
รายการนี้ยังไม่มีแท็ก
คุณยังไม่ได้ล็อกอิน คุณสามารถมีกิจกรรมร่วมกับเว็บไซต์ได้ แต่ต้องล็อกอินก่อน ::
  ล็อกอิน

รายการสื่อสารสนเทศ

ลำดับที่ ประเภท เลขเรียก/บาร์โค้ด สถานที่ สถานะ
- ไม่พบข้อมูล -

รายการใกล้เคียง
    หัวเรื่อง [Health Status Indicators]

BibComment


ยังไม่เคยถูกคอมเมนท์

คอมเมนท์ทรัพยากรรายการนี้
  คอมเมนท์: เครื่องชี้วัดการป..


 Copyright 2026. Bcnsprnw @Library